|
|
|
|
| LEADER |
00000nam2a2200000 4500 |
| 001 |
35493 |
| 005 |
20231030233905.0 |
| 035 |
|
|
|a (RuTPU)RU\TPU\book\35926
|
| 035 |
|
|
|a BOOK00002578
|
| 090 |
|
|
|a 35493
|
| 100 |
|
|
|a 20011210d1984 m y0rusy50 ca
|
| 101 |
0 |
|
|a rus
|
| 102 |
|
|
|a RU
|
| 105 |
|
|
|a y j 000zy
|
| 200 |
0 |
|
|a Т. 7: Автоматизированные системы контроля объектов
|
| 210 |
|
|
|d 1984
|
| 215 |
|
|
|a 87 с.
|
| 333 |
|
|
|a Исключено из фонда НТБ ТПУ
|
| 461 |
|
1 |
|0 (RuTPU)RU\TPU\book\79309
|t Микропроцессоры
|o учебное пособие
|f под ред. Л. Н. Преснухина
|v Т. 7: Автоматизированные системы контроля объектов
|d 1984-1985
|
| 801 |
|
0 |
|a RU
|b 63413507
|c 20011210
|g PSBO
|
| 801 |
|
2 |
|a RU
|b 63413507
|c 20161031
|g PSBO
|
| 942 |
|
|
|c BK
|